TV Characters By Show Blitz III Quiz Stats

 Plays Quiz Updated Oct 17, 2019

Score 0/10 Timer 00:45
5 Plays Today
% Correct
Denver 'Bull' Randleman
Band of Brothers
88%
John Luther
Luther
84.5%
Rosa Diaz
Brooklyn Nine-Nine
82.8%
Piper Chapman
Orange is the New Black
81.1%
Harvey Bullock
Gotham
76.1%
Gus Fring
Breaking Bad
75.4%
Claire Bennet
Heroes
75%
Estefanía 'Curly' Kabila
Locked Up
69%
Jimmy McNulty
The Wire
68.3%
Molly Hooper
Sherlock
60.6%

You're not logged in!

Compare scores with friends on all Sporcle quizzes.
OR
Log In

Sporcle TV

Today on Sporcle TV


Watch our educational content, quiz creation guides, and fun videos on Sporcle TV.

Show Comments

Extras

Top Quizzes Today


Score Distribution

Your Account Isn't Verified!

In order to create a playlist on Sporcle, you need to verify the email address you used during registration. Go to your Sporcle Settings to finish the process.

Report this User

Report this user for behavior that violates our Community Guidelines.

Details: